| 000 | 00499nam a2200181Ia 4500 | ||
|---|---|---|---|
| 005 | 20250508152133.0 | ||
| 008 | 008 250505s9999 xx 000 0 eng d | ||
| 037 | _aTextual | ||
| 040 |
_aFEDL _beng _cFEDL |
||
| 041 |
_aeng _2eng |
||
| 084 |
_a320, FIN _qFEDL |
||
| 100 | _aFiner Herman | ||
| 245 | 0 | _aTheory and practice of modern government | |
| 260 |
_aLondon, UK _bMethuen and Co. Ltd. _c1956 |
||
| 300 | _axiv,978p. | ||
| 942 |
_cTEXL _h320, FIN |
||
| 999 |
_c1334510 _d1334510 |
||